Taylor Swift - All Too Well Lyrics - Statistics

General Stats
  • This quiz has been taken 168 times
    120 since last reset
  • The average score is 425 of 468
Answer Stats
Answer % Correct
I
100%
a
98%
all
98%
it
98%
It
98%
the
98%
to
98%
To
98%
too
98%
Too
98%
you
98%
You
98%
And
97%
and
97%
in
97%
walk
97%
was
97%
we
97%
well
97%
do
95%
like
95%
me
95%
my
95%
no
95%
on
95%
remember
95%
there
95%
There
95%
your
95%
at
94%
But
94%
but
94%
'Cause
94%
'cause
94%
home
94%
of
94%
scarf
94%
So
94%
so
94%
through
94%
walked
94%
We're
94%
were
94%
when
94%
with
94%
again
92%
air
92%
are
92%
be
92%
car
92%
cold
92%
door
92%
got
92%
house
92%
left
92%
now
92%
Now
92%
Oh
92%
oh
92%
red
92%
sister's
92%
still
92%
almost
90%
drawer
90%
even
90%
felt
90%
for
90%
light
90%
little
90%
over
90%
something
90%
can
89%
down
89%
Down
89%
get
89%
hair
89%
I'm
89%
it's
89%
know
89%
lookin'
89%
lost
89%
not
89%
somehow
89%
stairs
89%
sweet
89%
thing
89%
this
89%
you've
89%
about
87%
break
87%
dancing
87%
disposition
87%
gone
87%
here
87%
Just
87%
kitchen
87%
masterpiece
87%
middle
87%
night
87%
promise
87%
street
87%
team
87%
That
87%
that
87%
up
87%
Wind
87%
asked
85%
being
85%
'bout
85%
future
85%
gaze
85%
honest
85%
long
85%
maybe
85%
Maybe
85%
much
85%
name
85%
past
85%
piece
85%
'Til
85%
town
85%
translation
85%
back
84%
Back
84%
casually
84%
cruel
84%
getting
84%
paper
84%
ran
84%
'round
84%
singing
84%
why
84%
ball
82%
call
82%
enough
82%
eyed
82%
forget
82%
glasses
82%
more
82%
mother's
82%
nothing
82%
refrigerator
82%
thinking
82%
twin
82%
used
82%
wide
82%
after
81%
After
81%
cheeks
81%
could
81%
else
81%
kid
81%
old
81%
one
81%
rare
81%
smells
81%
these
81%
tore
81%
upstate
81%
bed
79%
days
79%
ever
79%
keep
79%
loved
79%
lying
79%
needed
79%
sized
79%
Time
79%
told
79%
yeah
79%
can't
77%
fine
77%
from
77%
into
77%
place
77%
real
77%
self
77%
stories
77%
tee
77%
telling
77%
turning
77%
album
76%
alone
76%
before
76%
by
76%
find
76%
magic's
76%
might
76%
okay
76%
own
76%
scared
76%
crumpled
74%
falling
74%
first
74%
innocence
74%
made
74%
picture
74%
pieces
74%
reminds
74%
rid
74%
trying
74%
won't
74%
fly
73%
known
73%
leaves
73%
Photo
73%
Running
73%
things
73%
very
73%
counter
71%
I'd
71%
mail
71%
plaid
71%
shirt
71%
week
71%
Autumn
69%
nights
68%
paralyzed
66%
No matching quizzes found
Score Distribution
Percent of People with Each Score
Percentile by Number Answered
Your Score History
You have not taken this quiz since the last reset